书目信息 |
| 书名: | Old tales retold | |
| 作者: | ||
| 分册号: | ||
| 分册名: | 出版地: | Beijing : |
|
| 出版社: | Foreign Languages Pr | |
| 出版时间: | 1972. | |
| 页数: | 137 p. | |
| 开本: | ||
| 丛书名: | ||
| 中图分类号: | ||
| 科图分类号: | ||
| 其他分类号: | I210.2 | |
| 主题词: | ||
| 电子资源: | ||
| 000 | 01021nam 2200301 a 4500 | |
| 001 | E0731497410 | |
| 005 | 20070726095826.31 | |
| 008 | eng | |
| 008 | uu | |
| 008 | 1972 | |
| 040 | @aCcBjTSG | |
| 041 | 1 | @aeng @hchi |
| 043 | @aa-cc--- | |
| 049 | @aN5LA | |
| 090 | @a2C/I210.6/LXO/ 1981/////////////////*919898/*919899/ cop.2/*919900/ cop.3 | |
| 090 | @aI210.2 | |
| 096 | @aI210.6 @v2 | |
| 099 | @dI210.2@ex6=2 | |
| 100 | 1 | @aLu, Xun, @d1881-1936. |
| 240 | 10 | @aGu shi xin bian. @lEnglish. @f1972 |
| 242 | 10 | @a故事新编(英文版) / @c鲁迅 |
| 245 | 10 | @aOld tales retold. |
| 250 | @a2nd ed. | |
| 260 | @aBeijing :@bForeign Languages Pr.,@c1972. | |
| 300 | @a137 p. | |
| 650 | 0 | @aShort stories, Chinese @vTranslations into English. @b00 @c20020930 @lNLC09 @h2246 @b40 @c20021209 @lNLC09 @h1329 @b00 @c20021209 @lNLC09 @h1330 @lNLC09 @h2302 @lNLC09 @h1854 @b40 @c20050501 @lNLC09 @h1542 |
| 651 | 0 | @aChina @xSocial life and customs @vFiction. |
| 852 | 9 | @bWWJC @cJ08S @k2C @hI210.6 @iLXO/1972 |
| Old tales retold.-2nd ed.-Beijing : : Foreign Languages Pr., , 1972. |
| 137 p. |
| ISBN |
| ● |
| 相关链接 |
|
|
|
|
正题名:Old tales retold
索取号:I210.2/x6=2
 
预约/预借
| 序号 | 登录号 | 条形码 | 馆藏地/架位号 | 状态 | 备注 |
| 1 | 0000144 | 300001441 | 第四借阅区/ [索取号:I210.2/x6=2] | 在馆 | |
| 2 | 0013925 | 300139259 | 密集书库/ [索取号:I210.2/x6=2] | 在馆 |